| 000 -LEADER |
| fixed length control field |
02003cam a22004094a 4500 |
| 001 - CONTROL NUMBER |
| control field |
16842406 |
| 003 - CONTROL NUMBER IDENTIFIER |
| control field |
Nust- CAS-E |
| 005 - DATE AND TIME OF LATEST TRANSACTION |
| control field |
20180118181352.0 |
| 008 - FIXED-LENGTH DATA ELEMENTS--GENERAL INFORMATION |
| fixed length control field |
110624s2011 mauab b 001 0 eng |
| 010 ## - LIBRARY OF CONGRESS CONTROL NUMBER |
| LC control number |
2011026133 |
| 015 ## - NATIONAL BIBLIOGRAPHY NUMBER |
| National bibliography number |
GBB0A4315 |
| Source |
bnb |
| 016 7# - NATIONAL BIBLIOGRAPHIC AGENCY CONTROL NUMBER |
| Record control number |
015638973 |
| Source |
Uk |
| 020 ## - INTERNATIONAL STANDARD BOOK NUMBER |
| International Standard Book Number |
9780470917367 (cloth) |
| 020 ## - INTERNATIONAL STANDARD BOOK NUMBER |
| International Standard Book Number |
0470917367 |
| 035 ## - SYSTEM CONTROL NUMBER |
| System control number |
(OCoLC)ocn660533546 |
| 040 ## - CATALOGING SOURCE |
| Original cataloging agency |
DLC |
| Transcribing agency |
DLC |
| Modifying agency |
YDX |
| -- |
UKM |
| -- |
YDXCP |
| -- |
CDX |
| -- |
UKMGB |
| -- |
DLC |
| 042 ## - AUTHENTICATION CODE |
| Authentication code |
pcc |
| 043 ## - GEOGRAPHIC AREA CODE |
| Geographic area code |
n-us--- |
| 050 00 - LIBRARY OF CONGRESS CALL NUMBER |
| Classification number |
HD9581.U52 |
| Item number |
B73 2011 |
| 082 00 - DEWEY DECIMAL CLASSIFICATION NUMBER |
| Classification number |
338.2/72850973 |
| Edition number |
23 |
| Author Mark |
BRA 2011 |
| 100 1# - MAIN ENTRY--PERSONAL NAME |
| Personal name |
Bradley, Robert L., |
| Dates associated with a name |
1955- |
| 245 10 - TITLE STATEMENT |
| Title |
Edison to Enron : |
| Remainder of title |
energy markets and political strategies / |
| Statement of responsibility, etc. |
Robert L. Bradley, Jr. |
| 260 ## - PUBLICATION, DISTRIBUTION, ETC. |
| Place of publication, distribution, etc. |
Salem, Mass. : |
| Name of publisher, distributor, etc. |
Scrivener Pub. ; |
| Place of publication, distribution, etc. |
Hoboken, N.J. : |
| Name of publisher, distributor, etc. |
Wiley, |
| Date of publication, distribution, etc. |
c2011. |
| 300 ## - PHYSICAL DESCRIPTION |
| Extent |
xii, 587 p. : |
| Other physical details |
ill., maps ; |
| Dimensions |
25 cm. |
| 490 1# - SERIES STATEMENT |
| Series statement |
[Political capitalism ; |
| Volume/sequential designation |
bk. 2] |
| 500 ## - GENERAL NOTE |
| General note |
Series statement from dust jacket. |
| 504 ## - BIBLIOGRAPHY, ETC. NOTE |
| Bibliography, etc. note |
Includes bibliographical references (p. 523-548) and index. |
| 505 0# - FORMATTED CONTENTS NOTE |
| Formatted contents note |
The chief : Samuel Insull -- Building General Electric -- Dynamo at Chicago Edison: 1892-1907 -- Expanding horizons: 1907-1918 -- Peak and peril: 1919-1929 -- Plummet and ruin: 1930-38 -- The boss: Jack Bowen -- Meadows to Murchison -- A monumental mistake -- Florida Gas Company -- Transco Energy Company -- Houston Natural Gas Corporation -- The prince of bankruptcy : John Henry Kirby -- Robert Herring and Ray Fish -- Formation and maturation -- Robert Herring and after -- Epilogue market order, political challenges. |
| 650 #0 - SUBJECT ADDED ENTRY--TOPICAL TERM |
| Topical term or geographic name entry element |
Gas industry |
| Geographic subdivision |
United States |
| General subdivision |
History. |
| 650 #0 - SUBJECT ADDED ENTRY--TOPICAL TERM |
| Topical term or geographic name entry element |
Power resources |
| Geographic subdivision |
United States |
| General subdivision |
History. |
| 650 #0 - SUBJECT ADDED ENTRY--TOPICAL TERM |
| Topical term or geographic name entry element |
Corporations |
| General subdivision |
Moral and ethical aspects. |
| 650 #0 - SUBJECT ADDED ENTRY--TOPICAL TERM |
| Topical term or geographic name entry element |
Corporations |
| General subdivision |
Political aspects. |
| 830 #0 - SERIES ADDED ENTRY--UNIFORM TITLE |
| Uniform title |
Political capitalism ; |
| Volume/sequential designation |
bk. 2. |
| 906 ## - LOCAL DATA ELEMENT F, LDF (RLIN) |
| a |
7 |
| b |
cbc |
| c |
orignew |
| d |
1 |
| e |
ecip |
| f |
20 |
| g |
y-gencatlg |
| 942 ## - ADDED ENTRY ELEMENTS (KOHA) |
| Source of classification or shelving scheme |
|
| Koha item type |
Book |